Learning Resource and Development

Securing the cloud : (Record no. 4784)

MARC details
000 -LEADER
fixed length control field 00807nam a22002537a 4500
005 - DATE AND TIME OF LATEST TRANSACTION
control field 20230512222108.0
008 - FIXED-LENGTH DATA ELEMENTS--GENERAL INFORMATION
fixed length control field 180523t xxu||||| |||| 00| 0 eng d
020 ## - INTERNATIONAL STANDARD BOOK NUMBER
International Standard Book Number 9781597495929
040 ## - CATALOGING SOURCE
Transcribing agency CSPC
082 0# - DEWEY DECIMAL CLASSIFICATION NUMBER
Classification number 005.8
Item number W729s
100 ## - MAIN ENTRY--PERSONAL NAME
Personal name Winkler, Vic,
Relator term author.
245 00 - TITLE STATEMENT
Title Securing the cloud :
Remainder of title cloud computer security techniques and tactics /
Statement of responsibility, etc. Vic Winkler
260 ## - PUBLICATION, DISTRIBUTION, ETC.
Place of publication, distribution, etc. Amsterdam :
Name of publisher, distributor, etc. Elsevier.
Date of publication, distribution, etc. 2011.
300 ## - PHYSICAL DESCRIPTION
Extent 290 pages :
Other physical details tables, charts ;
Dimensions 23 cm.
500 ## - GENERAL NOTE
General note Includes Index.
650 10 - SUBJECT ADDED ENTRY--TOPICAL TERM
Topical term or geographic name entry element Computer networks
General subdivision Security measures.
650 10 - SUBJECT ADDED ENTRY--TOPICAL TERM
Topical term or geographic name entry element Computer security.
650 10 - SUBJECT ADDED ENTRY--TOPICAL TERM
Topical term or geographic name entry element Cloud computing.
700 1# - ADDED ENTRY--PERSONAL NAME
Personal name Meine, Bill
Relator term editor.
940 ## - EQUIVALENCE OR CROSS-REFERENCE--UNIFORM TITLE [OBSOLETE] [CAN/MARC only]
Uniform title <a href="Mar">Mar</a>
942 ## - ADDED ENTRY ELEMENTS (KOHA)
Koha item type
-- CIR 005.8 W729s 2011
Holdings
Withdrawn status Lost status Damaged status Not for loan Home library Current library Shelving location Date acquired Total Checkouts Full call number Barcode Date last seen Copy number Price effective from Koha item type
        Main Library Main Library Circulation Section 05/12/2023   CIR 005.8 W729s 2011 011759 05/12/2023 1-2 05/12/2023 Books
        Main Library Main Library Circulation Section 05/12/2023   CIR 005.8 W729s 2011 013375 05/12/2023 2-2 05/12/2023 Books